| 000 | 00000nam 2200000za 4500 |
| 001 | 9.838132 |
| 003 | CaOODSP |
| 005 | 20221107151315 |
| 007 | cr ||||||||||| |
| 008 | 170609s1984 onco #o f000 0 fre d |
| 020 | |z0-662-52969-3 |
| 040 | |aCaOODSP|bfre |
| 041 | |afre|aeng |
| 043 | |an-cn--- |
| 086 | 1 |aR2-54/1984-PDF|zR2-54/1984 |
| 100 | 1 |aMunro, John C. |
| 245 | 10|aRéponse du gouvernement au rapport du Comité spécial sur l'autonomie politique des Indiens |h[ressource électronique] / |créponse déposée par John C. Munro. |
| 246 | 15|aResponse of the government to the report of the Special Committee on Indian Self-Government |
| 260 | |aOttawa : |bAffaires indiennes et du Nord canadien, |c1984. |
| 300 | |a7, 8 p. : |bphotographies |
| 500 | |a« Le 5 Mars 1984. » |
| 500 | |aÉdition numérisée de l’imprimé [par Affaires autochtones et du Nord Canada]. |
| 520 | |a« Le rapport du Comité spécial de la Chambre des communes sur l’autonomie politique des Indiens a été déposé à la Chambre en novembre 1983. A la demande du Comité, le gouvernement présente sa réponse conformément aux dispositions du paragraphe 69(13) du Règlement. » -- p. 1. |
| 546 | |aLe texte français suit le texte anglais. |
| 692 | 07|2gccst|aIndiens |
| 692 | 07|2gccst|aAutonomie gouvernementale |
| 692 | 07|2gccst|aRapport |
| 710 | 1 |aCanada.|bAffaires indiennes et du Nord. |
| 710 | 1 |aCanada. |bParlement. |bChambre des communes. |bComité spécial sur l'autonomie politique des Indiens. |
| 791 | |tResponse of the government to the report of the Special Committee on Indian Self-Government |eeng|w(CaOODSP)9.838131 |
| 856 | 40|qPDF|s3.42 Mo|uhttps://publications.gc.ca/collections/collection_2017/aanc-inac/R2-54-1984.pdf |
| 986 | |aQS-6010-000-BB-A1 |